Rekonštrukcia DK Zrkadlový háj - interiér

Guardado en:
Detalles Bibliográficos
Autor principal: Heldová, Denisa (Autor)
Otros Autores: Kotradyová, Veronika, 1974- (Orientador)
Formato: Manuscrito Libro
Lenguaje:eslovaco
Publicado: Bratislava 2015
Materias:
Acceso en línea:http://is.stuba.sk/zp/portal_zp.pl?podrobnosti=112494
Etiquetas: Agregar Etiqueta
Sin Etiquetas, Sea el primero en etiquetar este registro!

MARC

LEADER 00000ntm a22000003a 4500
001 stuzp52417
003 SK-STU
005 20210305123029.0
007 ta
008 150427s2015----xo-----f-mn---000-0-slo-d
040 |a STU  |b slo 
041 0 |a slo 
100 1 |a Heldová, Denisa  |u 055150  |4 aut  |U FA Fakulta architektúry  |U FAD Fakulta architektúry  |T FA Ústav interiéru a výstavníctva  |X 65598  |U A5150  |Y 396  |7 65598 
242 0 1 |a Rekonštrukcia DK Zrkadlový háj - interiér  |y eng 
245 1 0 |a Rekonštrukcia DK Zrkadlový háj - interiér 
260 |c 2015  |a Bratislava 
650 4 |a Zrkadlový háj  |2 slo 
650 4 |a dom kultúry  |2 slo 
650 4 |a DK  |2 slo 
650 4 |a rekonštrukcia  |2 slo 
650 4 |a zdravý interiér  |2 slo 
650 4 |a Zrkadlový háj  |2 eng 
650 4 |a cultural house  |2 eng 
650 4 |a reconstruction  |2 eng 
650 4 |a healthy interior  |2 eng 
700 1 |a Kotradyová, Veronika,  |d 1974-  |4 ths  |X 344  |7 A000000344 
856 4 |u http://is.stuba.sk/zp/portal_zp.pl?podrobnosti=112494  |u https://opac.crzp.sk/?fn=detailBiblioForm&sid=E75B5E22D326BA6A98AA95CFFF20 
SQL |a stuzp52417  |b DDP  |c SLO  |d Rekonštrukcia DK Zrkadlový háj - interiér  |e 65598  |f Heldová, Denisa  |g 055150  |h 344  |i Kotradyová, Veronika  |j 20150603  |k 640  |l 05  |m http://is.stuba.sk/zp/portal_zp.pl?podrobnosti=112494  |n I-DZ  |o 2.2.6. dizajn